• 首页
  • 本馆介绍
  • 公告通知
  • 最新文献
  • 馆藏检索
  • 电子资源
  • 读者荐购
  • 参考咨询
  • CALIS
  • 我的图书馆
  • 登录
  • 详细信息显示
  • 放入我的书架
  • 预约/预借图书
  • 作者相关作品
  • 分类相关作品
  • 丛书相关作品
  • 出版社相关作品

书目信息

  • 表格格式
  • 工作单格式
  • 卡片格式
题名:
100天突破一级注册结构工程师 (房屋结构) 执业资格考试基础考试复习指南
    
 
作者: 孙跃东 主编
分册:  
出版信息: 北京   人民交通出版社  2004.02
页数: 714页
开本: 26cm
丛书名: 注册工程师考试系列图书
单 册:
中图分类: TU3
科图分类:
主题词: 建筑结构--工程技术人员--考核--自学参考资料
电子资源:
ISBN: 7-114-04975-7
 
 
 
 
 
000 01080nam 2200253 450
001 010558371111
005 20051219094755.29
010    @a7-114-04975-7@dCNY72.00
100    @a20051125d2004 km y0chiy0120 ea
101 0  @achi
102    @aCN@b110000
105    @aa a 000yy
200 1  @a100天突破一级注册结构工程师 (房屋结构) 执业资格考试基础考试复习指南@A100 tian tu po yi ji zhu ce jie gou gong cheng shi(fang wu jie gou)zhi ye zi ge kao shi ji chu kao shi fu xi zhi nan@f孙跃东主编@Fsun yue dong zhu bian
210    @a北京@c人民交通出版社@d2004.02
215    @a714页@c图@d26cm
225 2  @a注册工程师考试系列图书
320    @a有书目 (第713-714页)。
330    @a本书按考试大纲要求,考虑考生复习备考的特点,按照简明、实用,突出重点和难点,注重考前训练的原则编写。书中包括考试大纲、重点难点分析与例题解析复习题与讲评等几部分,最后附两套模拟题。
410  0 @12001 @a注册工程师考试系列图书
606 0  @a建筑结构@x工程技术人员@x考核@j自学参考资料
690    @aTU3@v4
701  0 @a孙跃东@Asun yue dong@4主编
801  0 @aCN@bQSSK@c20051219
905    @a10447@dTU3@eS970
    
    100天突破一级注册结构工程师 (房屋结构) 执业资格考试基础考试复习指南/孙跃东主编.-北京:人民交通出版社,2004.02
    714页:图;26cm.-(注册工程师考试系列图书)
    
    
    ISBN 7-114-04975-7:CNY72.00
    本书按考试大纲要求,考虑考生复习备考的特点,按照简明、实用,突出重点和难点,注重考前训练的原则编写。书中包括考试大纲、重点难点分析与例题解析复习题与讲评等几部分,最后附两套模拟题。
●
相关链接 在E读中查询图书 在当当中查询图书 在豆瓣中查询图书


正题名:100天突破一级注册结构工程师 (房屋结构)     索取号:TU3/S970         预约/预借

序号 登录号 条形码 馆藏地/架位号 状态 备注
1 578716   205787166   建筑库101/101建筑库 74排4列1层/ [索取号:TU3/S970] 在馆    
2 578717   205787175   建筑库101/101建筑库 74排4列1层/ [索取号:TU3/S970] 在馆    
河南城建学院图书馆 欢迎您!
大连网信软件有限公司© 版权所有